000 00400cam a2200169 4500
001 D13569
008 090401t1932 xxu||||| |||| 00| 0 eng d
035 _a(Sirsi) u94472
041 _aeng
100 _aParker, C. Goode
245 2 _aA handbook of de-rating cases (plus Addendum)
260 _bEstates Gazette
_c1932
350 _a0
520 _aShelf 133
942 _n0
948 _c04/03/1997
999 _c98051
_d98051